| 000 | 01658cam a2200457Ia 4500 | ||
|---|---|---|---|
| 001 | 8559137 | ||
| 003 | USPCAS-E | ||
| 005 | 20180118181411.0 | ||
| 006 | m d | ||
| 007 | cr n | ||
| 008 | 080714s2009 flu s 000 0 eng d | ||
| 020 | _a1420095218 | ||
| 020 | _a9781420095210 | ||
| 035 | _a(WaSeSS)ssj0000445575 | ||
| 040 |
_aCaPaEBR _cCaPaEBR _dWaSeSS |
||
| 050 | 4 |
_aTJ260 _b.A2443 2009eb |
|
| 050 | 4 | _aQC320 | |
| 082 |
_a621.4022 _bADV 2009 |
||
| 210 | 1 | 0 | _aAdvances in numerical heat transfer. |
| 245 | 0 | 0 |
_aAdvances in numerical heat transfer. _nVolume 3 _h[electronic resource] / _cedited by W.J. Minkowycz, E.M. Sparrow ; guest editor, J.P. Abraham. |
| 260 |
_aBoca Raton : _bCRC Press/Taylor & Francis, _cc2009. |
||
| 490 | 1 |
_aAdvances in numerical heat transfer ; _vv. 3 |
|
| 502 | _a0 | ||
| 506 | _aLicense restrictions may limit access. | ||
| 650 | 0 | _aFluid mechanics. | |
| 650 | 0 |
_aHeat _xTransmission _xMathematical models. |
|
| 650 | 0 | _aNumerical analysis. | |
| 655 | 7 |
_aElectronic books. _2local |
|
| 700 | 1 | _aAbraham, J. P. | |
| 700 | 1 | _aMinkowycz, W. J. | |
| 700 | 1 |
_aSparrow, E. M. _q(Ephraim M.) |
|
| 710 | 2 | _aebrary, Inc. | |
| 730 | 0 | _aENGnetBASE. | |
| 773 | 0 | _tENGnetBASE | |
| 773 | 0 | _tMECHANICALENGINEERINGnetBASE | |
| 830 | 0 |
_aAdvances in numerical heat transfer ; _vv. 3. |
|
| 856 | 4 | 0 |
_uhttp://www.columbia.edu/cgi-bin/cul/resolve?clio8559137.001 _zFull text available from ENGnetBASE |
| 856 | 4 | 0 |
_uhttp://www.columbia.edu/cgi-bin/cul/resolve?clio8559137.002 _zFull text available from MECHANICALENGINEERINGnetBASE |
| 910 | _aVendor-generated brief record | ||
| 942 |
_2ddc _cBK |
||
| 999 |
_c355709 _d355709 |
||